| 000 | 00808cam a2200277 4500 | ||
|---|---|---|---|
| 001 | 32753 | ||
| 005 | 20230404125743.0 | ||
| 008 | 710604m1972 nyu b 001 0 eng | ||
| 035 | _9(DLC) 75129918 | ||
| 035 | _a329694 | ||
| 010 | _a75129918 | ||
| 020 | _a0030813824 | ||
| 040 |
_aDLC _cDLC _dDLC |
||
| 043 | _an-us--- | ||
| 050 | 1 | 4 |
_a000 E 178.1 _bC953a 1972 |
| 082 | 0 | 0 | _a973 |
| 100 | 1 | _aCrow, Herman L. | |
| 245 | 1 | 0 |
_aAmerican history; _ba problems approach _c[by] Herman L. Crow [and] William L. Turnbull. |
| 260 |
_aNew York, _bHolt, Rinehart and Winston _c[1972] |
||
| 300 |
_a2 v. _c24 cm. |
||
| 500 | _aVol. 2 has subtitle: From 1865. | ||
| 504 | _aIncludes bibliographies. | ||
| 651 | 0 |
_aUnited States _xHistory. |
|
| 700 | 1 |
_aTurnbull, William L., _ejoint author. |
|
| 942 |
_2lcc _cbk |
||
| 999 |
_c3995 _d3995 |
||